[Event "Lindores Abbey Tal Blitz 2021"]
[Site "Riga"]
[Date "2021.11.08"]
[Round "11.12"]
[White "Bluebaum, Matthias"]
[Black "Shevchenko, Kirill"]
[Result "0-1"]
[WhiteElo "2647"]
[BlackElo "2647"]
[Annotator "ChessBase"]
[PlyCount "144"]
[EventDate "2021.11.02"]
[EventType "swiss"]
[EventCountry "LAT"]
[SourceTitle "playchess.com"]
[Source "ChessBase"]
[SourceQuality "1"]

1. d4 Nf6 2. c4 g6 3. Nc3 Bg7 4. e4 d6 5. Nf3 O-O 6. Be2 e5 7. Be3 h6 8. O-O
Ng4 9. Bc1 Nf6 10. h3 exd4 11. Nxd4 Re8 12. Bf3 Nbd7 13. Be3 c6 14. Qc2 Qe7 15.
Rfe1 Nh7 16. Rad1 Ng5 17. Bg4 Nc5 18. Bxc8 Raxc8 19. f3 a5 20. Qf2 Nge6 21.
Nxe6 Qxe6 22. Qd2 Rcd8 23. Bxh6 Bxh6 24. Qxh6 Qxc4 25. h4 Re5 26. Qe3 Qe6 27.
b3 Re8 28. Qd4 Qf6 29. Qxd6 Qxh4 30. Ne2 Rg5 31. Qf4 Qh6 32. Kf2 Ne6 33. Qd6
Qh4+ 34. Kg1 Qh3 35. Qh2 Qxf3 36. Nd4 Nxd4 37. Rxd4 Qc3 38. Rdd1 Qc5+ 39. Kf1
Rh5 40. Qf4 Rh1+ 41. Ke2 Qc2+ 42. Kf3 Qxd1+ 43. Rxd1 Rxd1 44. Qc7 Rd3+ 45. Ke2
Rd4 46. Qxb7 Rdxe4+ 47. Kf3 Re3+ 48. Kf2 Rc3 49. Qa6 Rc2+ 50. Kf3 Rxa2 51. Qxc6
Rae2 52. Qb5 R2e5 53. Qb7 R8e6 54. Qb8+ Kg7 55. g3 Re3+ 56. Kf2 R3e5 57. Kf3
Rf5+ 58. Kg2 Re2+ 59. Kh3 Rh5+ 60. Kg4 Rf2 61. Qc7 Rff5 62. Qc3+ Kh7 63. Qc7
Rhg5+ 64. Kh3 Rf3 65. b4 axb4 66. Kh4 Rgxg3 67. Qe7 Rh3+ 68. Kg4 Rhg3+ 69. Kh4
Rg1 70. Qf8 Rh1+ 71. Kg4 Rf5 72. Qxb4 Rg1+ 0-1

[Event "Lindores Abbey Tal Blitz 2021"]
[Site "Riga"]
[Date "2021.11.08"]
[Round "11.13"]
[White "Grandelius, Nils"]
[Black "Ivic, Velimir"]
[Result "1/2-1/2"]
[WhiteElo "2669"]
[BlackElo "2620"]
[Annotator "ChessBase"]
[PlyCount "117"]
[EventDate "2021.11.02"]
[EventType "swiss"]
[EventCountry "LAT"]
[SourceTitle "playchess.com"]
[Source "ChessBase"]
[SourceQuality "1"]

1. Nf3 Nf6 2. g3 g6 3. b3 Bg7 4. Bb2 d6 5. Bg2 e5 6. O-O O-O 7. c4 Nc6 8. Nc3
Re8 9. d3 h6 10. a3 a5 11. Nd5 Nxd5 12. cxd5 Ne7 13. e4 c6 14. dxc6 Nxc6 15. h3
Be6 16. Rb1 d5 17. exd5 Bxd5 18. Re1 e4 19. Nd2 Bxb2 20. Rxb2 e3 21. Ne4 f5 22.
Nf6+ Qxf6 23. Bxd5+ Kh8 24. Qa1 exf2+ 25. Rxf2 Nd4 26. Kg2 Rad8 27. Bxb7 Kg7
28. Rxe8 Rxe8 29. Qc3 Qe5 30. b4 axb4 31. axb4 h5 32. h4 Re7 33. Ba8 Rc7 34.
Qb2 Qe3 35. b5 Rc1 36. Qd2 Qxd2 37. Rxd2 Nxb5 38. d4 Rc4 39. d5 Nd6 40. Ra2 Rc3
41. Ra6 Ne4 42. d6 Rxg3+ 43. Kf1 Rd3 44. Bxe4 fxe4 45. Ke2 Kf7 46. Rb6 Ke6 47.
d7+ Kxd7 48. Rxg6 Rh3 49. Rg5 Rxh4 50. Ke3 Ke6 51. Ra5 Kf6 52. Rb5 Kg6 53. Rb6+
Kg5 54. Rb5+ Kf6 55. Rb6+ Kf5 56. Rb5+ Kg4 57. Kxe4 Rh1 58. Ke3 Rf1 59. Ke4
1/2-1/2

[Event "Lindores Abbey Tal Blitz 2021"]
[Site "Riga"]
[Date "2021.11.08"]
[Round "11.14"]
[White "Anton Guijarro, David"]
[Black "Jobava, Baadur"]
[Result "1-0"]
[WhiteElo "2669"]
[BlackElo "2582"]
[Annotator "ChessBase"]
[PlyCount "161"]
[EventDate "2021.11.02"]
[EventType "swiss"]
[EventCountry "LAT"]
[SourceTitle "playchess.com"]
[Source "ChessBase"]
[SourceQuality "1"]

1. Nf3 d5 2. b3 c6 3. Bb2 Nf6 4. d3 Bf5 5. Nh4 e6 6. Nxf5 exf5 7. Nd2 Nbd7 8.
e3 Bd6 9. g3 Qe7 10. a3 h5 11. Nf3 O-O-O 12. Bg2 Ne5 13. b4 g6 14. Qd2 Nxf3+
15. Bxf3 Be5 16. O-O-O h4 17. Kb1 Bxb2 18. Kxb2 Kb8 19. Qc3 a6 20. Qd4 Nd7 21.
Be2 Ne5 22. Rde1 Qd6 23. f4 Nd7 24. g4 fxg4 25. Bxg4 Rhe8 26. Bxd7 Rxd7 27.
Rhg1 Qe6 28. Ref1 Qxe3 29. Qxe3 Rxe3 30. f5 gxf5 31. Rxf5 Re2 32. h3 Re3 33.
Rh1 Kc7 34. Rf4 Kd6 35. Rxh4 f5 36. Rh8 Rf7 37. h4 f4 38. h5 Ree7 39. h6 Rh7
40. Rxh7 Rxh7 41. Kc3 Ke5 42. Kd2 Kf5 43. Ke2 Kg4 44. Kf2 d4 45. a4 b6 46. Rg1+
Kf5 47. Rh1 Kg4 48. Rh2 a5 49. bxa5 bxa5 50. Rh1 c5 51. Rh2 f3 52. Rh1 Kf4 53.
Rh4+ Kg5 54. Rh3 Kg4 55. Rg3+ Kh4 56. Rg1 Kh5 57. Kxf3 Rf7+ 58. Ke4 Kxh6 59.
Kd5 Rb7 60. Kxc5 Rb4 61. Rg4 Rxa4 62. Rxd4 Ra2 63. Rc4 Rb2 64. c3 Rb3 65. Kd4
Kg6 66. Ra4 Rb5 67. c4 Rh5 68. Ra1 Kf6 69. c5 Ke6 70. Rxa5 Rh4+ 71. Kc3 Kd5 72.
Kd2 Rh2+ 73. Kc3 Rh4 74. d4 Rh3+ 75. Kb4 Rh1 76. Ra8 Rb1+ 77. Kc3 Rc1+ 78. Kd2
Rh1 79. Rd8+ Kc6 80. Kd3 Rc1 81. Rd6+ 1-0

[Event "Lindores Abbey Tal Blitz 2021"]
[Site "Riga"]
[Date "2021.11.08"]
[Round "11.15"]
[White "Oparin, Grigoriy"]
[Black "Ponomariov, Ruslan"]
[Result "1-0"]
[WhiteElo "2659"]
[BlackElo "2633"]
[Annotator "ChessBase"]
[PlyCount "111"]
[EventDate "2021.11.02"]
[EventType "swiss"]
[EventCountry "LAT"]
[SourceTitle "playchess.com"]
[Source "ChessBase"]
[SourceQuality "1"]

1. Nf3 d5 2. g3 g6 3. c4 e6 4. Bg2 Bg7 5. d4 Ne7 6. O-O Nbc6 7. e3 O-O 8. Qe2
b6 9. Rd1 a5 10. b3 Ba6 11. Bb2 Qd7 12. Nbd2 Rfd8 13. Qe1 Nb4 14. Qe2 c5 15.
Ne5 Qe8 16. f4 Rac8 17. a3 Nbc6 18. Qf2 cxd4 19. exd4 a4 20. bxa4 dxc4 21.
Ndxc4 Nxe5 22. Nxe5 Qxa4 23. Rac1 Nd5 24. Qd2 Qb3 25. Rxc8 Rxc8 26. Rc1 Bf8 27.
Rxc8 Bxc8 28. Qc1 Bb7 29. Bf1 Bd6 30. Bc4 Qa4 31. Bd3 Kg7 32. Qc2 Qa8 33. Kf2
Nf6 34. d5 Bc5+ 35. Kf1 Nxd5 36. Ke2 f6 37. Nd7 Be7 38. Bb5 Qd8 39. g4 Nc7 40.
Bc6 Ba6+ 41. Kf3 Kf7 42. g5 Nd5 43. gxf6 Nxf6 44. Ne5+ Kg8 45. Ba4 Bb7+ 46. Bc6
Ba6 47. a4 Qd6 48. Kg2 Nd5 49. Kf3 Nb4 50. Qc3 Qd1+ 51. Kg3 Qg1+ 52. Bg2 Bc5
53. Ng4 e5 54. Qxe5 Kf8 55. Qg7+ Ke8 56. Nf6+ 1-0

[Event "Lindores Abbey Tal Blitz 2021"]
[Site "Riga"]
[Date "2021.11.08"]
[Round "11.17"]
[White "Sargissian, Gabriel"]
[Black "Nihal Sarin"]
[Result "0-1"]
[WhiteElo "2664"]
[BlackElo "2650"]
[Annotator "ChessBase"]
[PlyCount "72"]
[EventDate "2021.11.02"]
[EventType "swiss"]
[EventCountry "LAT"]
[SourceTitle "playchess.com"]
[Source "ChessBase"]
[SourceQuality "1"]

1. Nf3 g6 2. d4 Bg7 3. e4 d6 4. c4 Nc6 5. Nc3 Bg4 6. Be3 Bxf3 7. gxf3 e5 8. d5
Nd4 9. Nb5 c5 10. dxc6 bxc6 11. Nxd4 exd4 12. Bxd4 Qa5+ 13. Ke2 Nf6 14. Bc3 Qc7
15. h4 O-O 16. h5 Rfe8 17. hxg6 hxg6 18. Qd2 Qe7 19. Qf4 d5 20. Re1 d4 21. Bd2
d3+ 22. Kd1 Nd7 23. Bc3 Ne5 24. Qh2 Qe6 25. Qh7+ Kf8 26. Bb4+ Re7 27. Bxe7+
Qxe7 28. f4 Nxc4 29. Bxd3 Nxb2+ 30. Ke2 Rd8 31. Bc2 Qc5 32. Bb3 Nd3 33. Qh4 Rd4
34. Rd1 Rxe4+ 35. Kxd3 Qd4+ 36. Kc2 Qc3+ 0-1

[Event "Lindores Abbey Tal Blitz 2021"]
[Site "Riga"]
[Date "2021.11.08"]
[Round "11.18"]
[White "Predke, Alexandr"]
[Black "Howell, David W L"]
[Result "1/2-1/2"]
[WhiteElo "2668"]
[BlackElo "2648"]
[Annotator "ChessBase"]
[PlyCount "55"]
[EventDate "2021.11.02"]
[EventType "swiss"]
[EventCountry "LAT"]
[SourceTitle "playchess.com"]
[Source "ChessBase"]
[SourceQuality "1"]

1. d4 d5 2. c4 e6 3. Nc3 Nf6 4. Bg5 Be7 5. e3 Nbd7 6. Nf3 O-O 7. Rc1 h6 8. Bh4
c5 9. cxd5 Nxd5 10. Bxe7 Nxe7 11. Be2 b6 12. dxc5 Nxc5 13. Qxd8 Rxd8 14. b4 Nd7
15. Nd4 Bb7 16. f3 a5 17. bxa5 Rxa5 18. Kf2 Nd5 19. Nxd5 Bxd5 20. e4 Bb7 21.
Rc2 Nc5 22. Nb3 Ra3 23. Nxc5 bxc5 24. Rb1 Ba6 25. Rb3 Ra5 26. Bxa6 Rxa6 27.
Rbc3 Rda8 28. Rxc5 1/2-1/2

[Event "Lindores Abbey Tal Blitz 2021"]
[Site "Riga"]
[Date "2021.11.08"]
[Round "11.19"]
[White "Kravtsiv, Martyn"]
[Black "Kovalev, Vladislav"]
[Result "1-0"]
[WhiteElo "2616"]
[BlackElo "2634"]
[Annotator "TA"]
[PlyCount "81"]
[EventDate "2021.11.02"]
[EventType "swiss"]
[EventCountry "LAT"]
[SourceTitle "playchess.com"]
[Source "ChessBase"]
[SourceQuality "1"]

1. e4 e5 2. Nf3 Nc6 3. Nc3 Nf6 4. a4 Bb4 5. Bd3 O-O 6. O-O Re8 7. Re1 a6 8. Nd5
Bc5 9. c3 d6 10. Bc2 Ba7 11. h3 h6 12. b4 Be6 13. Bb3 Bxd5 14. exd5 Ne7 15. c4
a5 16. bxa5 e4 17. Nh2 Nf5 18. Bb2 Bd4 19. Rb1 Bxb2 20. Rxb2 Rxa5 21. d4 b6 22.
Nf1 Qd7 23. Bc2 Nh4 24. Ne3 Raa8 25. Qe2 Re7 26. Ra1 Nf5 27. Qd2 Ra5 28. Bd1 h5
29. Rb5 Rxb5 30. axb5 g6 31. Bb3 Kg7 32. Qc3 h4 33. Bd1 Nh6 34. Ra8 Re8 35. Ra7
Re7 36. c5 dxc5 37. dxc5 bxc5 38. b6 Qc8 39. Qxc5 Rd7 40. Rxc7 Qd8 41. Rc8 1-0

[Event "Lindores Abbey Tal Blitz 2021"]
[Site "Riga"]
[Date "2021.11.08"]
[Round "11.20"]
[White "Indjic, Aleksandar"]
[Black "Bartel, Mateusz"]
[Result "0-1"]
[WhiteElo "2612"]
[BlackElo "2619"]
[Annotator "ChessBase"]
[PlyCount "90"]
[EventDate "2021.11.02"]
[EventType "swiss"]
[EventCountry "LAT"]
[SourceTitle "playchess.com"]
[Source "ChessBase"]
[SourceQuality "1"]

1. Nc3 d5 2. d4 Nf6 3. Bf4 a6 4. e3 Bf5 5. Bd3 Bg6 6. h4 e6 7. h5 Bxd3 8. cxd3
h6 9. Nf3 c5 10. Qb3 b5 11. dxc5 Bxc5 12. Rc1 Nbd7 13. d4 Be7 14. Ne5 Nxe5 15.
dxe5 Nd7 16. O-O O-O 17. Ne2 Qb6 18. Nd4 Rfc8 19. Qd1 Rxc1 20. Qxc1 Bc5 21. Nf3
Qb7 22. Qd1 Rc8 23. Qb1 Bb6 24. Rc1 Rc7 25. Rxc7 Qxc7 26. g4 Qc6 27. Nd4 Bxd4
28. exd4 Qc4 29. Qc1 Qxd4 30. Qc8+ Nf8 31. Qc1 Qe4 32. Kh2 Qf3 33. Be3 Qxg4 34.
Qc8 Qxh5+ 35. Kg1 f6 36. Bc5 Qf7 37. Qxa6 Nd7 38. exf6 Nxc5 39. Qc8+ Qf8 40.
f7+ Kxf7 41. Qc7+ Kg8 42. Qc6 b4 43. Kf1 Kh7 44. Ke2 Ne4 45. f3 Ng5 0-1

[Event "Lindores Abbey Tal Blitz 2021"]
[Site "Riga"]
[Date "2021.11.08"]
[Round "11.21"]
[White "Ponkratov, Pavel"]
[Black "Durarbayli, Vasif"]
[Result "0-1"]
[WhiteElo "2662"]
[BlackElo "2629"]
[Annotator "ChessBase"]
[PlyCount "130"]
[EventDate "2021.11.02"]
[EventType "swiss"]
[EventCountry "LAT"]
[SourceTitle "playchess.com"]
[Source "ChessBase"]
[SourceQuality "1"]

1. e4 c5 2. Nf3 d6 3. c3 Nf6 4. Bd3 Nc6 5. Bc2 Bg4 6. h3 Bxf3 7. Qxf3 g6 8. O-O
Bg7 9. Rd1 Rc8 10. Bb3 O-O 11. d3 b5 12. Be3 c4 13. dxc4 bxc4 14. Bc2 Rb8 15.
Bc1 Qb6 16. Qe2 Ne5 17. Na3 Rfc8 18. Rb1 Qc6 19. Be3 Rb7 20. Bd4 Nh5 21. Qe3 a6
22. Rd2 Rcb8 23. Bd1 Nf6 24. Bxe5 dxe5 25. Bf3 Ne8 26. Kh2 Nd6 27. Nc2 a5 28.
Qe2 h5 29. Ne3 Bh6 30. Rc2 Bf4+ 31. g3 Bxe3 32. Qxe3 Kg7 33. Qe2 Qa4 34. a3 Qc6
35. h4 Nb5 36. Rd1 Nc7 37. Rdd2 Rb5 38. Qe3 Qb6 39. Qxb6 R5xb6 40. Be2 Rc6 41.
Rd7 Kf6 42. Kg2 Ke6 43. Rcd2 Nb5 44. R7d5 Nd6 45. Rxa5 Nxe4 46. Rdd5 Nd6 47.
Rxe5+ Kf6 48. Re3 Rxb2 49. Bf3 Rcb6 50. Bd5 Rd2 51. Rf3+ Kg7 52. Rc5 Ra6 53.
Bxc4 Rxa3 54. Bd3 Raa2 55. Rc7 e6 56. c4 Nf5 57. c5 Nd4 58. Rfxf7+ Kg8 59. Rf6
Rxd3 60. Rxg6+ Kf8 61. Rh6 Kg8 62. Rg6+ Kf8 63. c6 Rf3 64. Rh6 Rfxf2+ 65. Kg1
Nf3+ 0-1

[Event "Lindores Abbey Tal Blitz 2021"]
[Site "Riga"]
[Date "2021.11.08"]
[Round "11.22"]
[White "Kovalenko, Igor"]
[Black "Yilmaz, Mustafa"]
[Result "1-0"]
[WhiteElo "2668"]
[BlackElo "2626"]
[Annotator "ChessBase"]
[PlyCount "117"]
[EventDate "2021.11.02"]
[EventType "swiss"]
[EventCountry "LAT"]
[SourceTitle "playchess.com"]
[Source "ChessBase"]
[SourceQuality "1"]

1. d4 Nf6 2. Nf3 d5 3. c4 e6 4. Nc3 Be7 5. Bg5 h6 6. Bh4 O-O 7. e3 Nbd7 8. Rc1
c5 9. dxc5 Nxc5 10. cxd5 g5 11. Bg3 Nxd5 12. Nxd5 Qxd5 13. Qxd5 exd5 14. Be5
Bf5 15. Nd4 Bg6 16. Be2 Rac8 17. O-O Nd3 18. Bxd3 Bxd3 19. Rfd1 Bg6 20. Nb5 a6
21. Rxc8 Rxc8 22. Nc3 f6 23. Nxd5 Kf7 24. Nxe7 Kxe7 25. Bc3 Rc6 26. f3 h5 27.
Kf2 h4 28. e4 Bf7 29. a3 Bb3 30. Rd4 b6 31. Ke3 a5 32. Rd2 Bc4 33. g3 hxg3 34.
hxg3 Ke8 35. Rh2 Rd6 36. Bd4 a4 37. Rh6 Kf7 38. f4 gxf4+ 39. gxf4 Kg7 40. Rh2
Rc6 41. f5 b5 42. Rg2+ Kf7 43. Rg6 Bb3 44. e5 Bd5 45. exf6 Rc1 46. Rg7+ Kf8 47.
Rd7 Bb3 48. Kf4 Ke8 49. Re7+ Kf8 50. Rb7 Bc4 51. Bc5+ Kg8 52. Rg7+ Kh8 53. Bd4
Rf1+ 54. Ke5 Re1+ 55. Kd6 Rd1 56. Kc5 Rc1 57. Bc3 Bd3 58. Kb6 Bxf5 59. f7 1-0

[Event "Lindores Abbey Tal Blitz 2021"]
[Site "Riga"]
[Date "2021.11.08"]
[Round "11.23"]
[White "Kryvoruchko, Yuriy"]
[Black "Zvjaginsev, Vadim"]
[Result "1/2-1/2"]
[WhiteElo "2681"]
[BlackElo "2609"]
[Annotator "ChessBase"]
[PlyCount "159"]
[EventDate "2021.11.02"]
[EventType "swiss"]
[EventCountry "LAT"]
[SourceTitle "playchess.com"]
[Source "ChessBase"]
[SourceQuality "1"]

1. e4 c5 2. Nf3 Nc6 3. Bb5 Nf6 4. Nc3 Qc7 5. d3 g6 6. Bg5 Bg7 7. Qd2 h6 8. Bxf6
exf6 9. Nd5 Qd8 10. h4 h5 11. d4 a6 12. Be2 cxd4 13. Nxd4 f5 14. Nxf5 gxf5 15.
exf5 d6 16. Bd3 Kf8 17. O-O Qxh4 18. Rae1 Be5 19. g3 Qd4 20. Nc7 Bxf5 21. Nxa8
h4 22. Qg5 hxg3 23. Bxf5 gxf2+ 24. Rxf2 Rg8 25. Qxg8+ Kxg8 26. Kg2 d5 27. c3
Qh4 28. Kf1 Qd8 29. Rfe2 Qxa8 30. Rxe5 Nxe5 31. Rxe5 Qd8 32. Bh3 Qh4 33. Kg2
Qf4 34. Rf5 Qd2+ 35. Rf2 Qg5+ 36. Kh2 Qe5+ 37. Kg2 Qe4+ 38. Kh2 Kf8 39. Bg2
Qh4+ 40. Kg1 Qg5 41. a3 b5 42. Re2 a5 43. Kf2 Qf4+ 44. Ke1 d4 45. cxd4 Qxd4 46.
Be4 Kg7 47. Bf3 f5 48. Kf1 Kf6 49. Kg2 Kg5 50. Bc6 Kh4 51. Kf1 b4 52. axb4 axb4
53. Rh2+ Kg5 54. Rg2+ Kf4 55. Rf2+ Ke5 56. Re2+ Kf6 57. Bf3 Kg5 58. Rf2 Kh4 59.
Kg2 Qg7+ 60. Kf1 Qd4 61. Kg2 Qd3 62. Be2 Qd5+ 63. Bf3 Qd4 64. Re2 Qd6 65. Kf1
Qg3 66. Rf2 Qe5 67. Kg2 Qc5 68. Be2 Qe3 69. Bf3 Qe5 70. Kf1 Kg3 71. Ba8 Qb5+
72. Re2 f4 73. Ke1 f3 74. Re3 Qa5 75. Bxf3 b3+ 76. Kf1 Qa1+ 77. Bd1+ Kf4 78.
Rf3+ Ke4 79. Ke1 Qxb2 80. Rxb3 1/2-1/2

[Event "Lindores Abbey Tal Blitz 2021"]
[Site "Riga"]
[Date "2021.11.08"]
[Round "11.24"]
[White "Cheparinov, Ivan"]
[Black "Pichot, Alan"]
[Result "0-1"]
[WhiteElo "2677"]
[BlackElo "2630"]
[Annotator "ChessBase"]
[PlyCount "56"]
[EventDate "2021.11.02"]
[EventType "swiss"]
[EventCountry "LAT"]
[SourceTitle "playchess.com"]
[Source "ChessBase"]
[SourceQuality "1"]

1. d4 Nf6 2. c4 e6 3. Nf3 d5 4. Nc3 Bb4 5. Qa4+ Nc6 6. a3 Bxc3+ 7. bxc3 h6 8.
cxd5 exd5 9. Bf4 O-O 10. e3 Bd7 11. Qc2 Na5 12. Bd3 Rc8 13. O-O Qe7 14. Ne5 Be6
15. Qa4 b6 16. Ba6 Rcd8 17. Rac1 c5 18. dxc5 Qxc5 19. Qb4 Ne4 20. Rfd1 Rfe8 21.
h3 Bc8 22. Qxc5 Nxc5 23. Bxc8 Rxc8 24. Rxd5 Na4 25. Rd7 f6 26. Nf3 Nxc3 27. Nd4
Nb3 28. Kh2 Nxc1 0-1

[Event "Lindores Abbey Tal Blitz 2021"]
[Site "Riga"]
[Date "2021.11.08"]
[Round "11.25"]
[White "Matlakov, Maxim"]
[Black "Demchenko, Anton"]
[Result "1-0"]
[WhiteElo "2691"]
[BlackElo "2655"]
[Annotator "TA"]
[PlyCount "145"]
[EventDate "2021.11.02"]
[EventType "swiss"]
[EventCountry "LAT"]
[SourceTitle "playchess.com"]
[Source "ChessBase"]
[SourceQuality "1"]

1. e4 e5 2. Nf3 Nc6 3. Nc3 Nf6 4. d4 exd4 5. Nxd4 Bb4 6. Nxc6 bxc6 7. Bd3 O-O
8. O-O d5 9. Bd2 Rb8 10. Re1 Re8 11. a3 Bf8 12. b4 Bg4 13. Qc1 h6 14. h3 Be6
15. exd5 cxd5 16. Nb5 c5 17. bxc5 Bxc5 18. Bb4 Qb6 19. Qf4 Ne4 20. Bxc5 Qxc5
21. Bxe4 Qxb5 22. Bd3 Qc5 23. Re3 Red8 24. Rae1 Qd6 25. Qd4 Qb6 26. Qh4 Kf8 27.
Rg3 Qb2 28. Qf4 Qf6 29. Qa4 Rd7 30. Rf3 Qe7 31. Bf5 Rb6 32. Rfe3 Rdd6 33. Qd4
Kg8 34. Bd3 Kf8 35. Rg3 Qf6 36. Qc5 Qe7 37. Rf3 d4 38. Qe5 Rbc6 39. Qe4 Qe8 40.
Qh7 Rb6 41. Qh8+ Ke7 42. Qxg7 Kd8 43. Qxh6 Kc7 44. Qf4 Qc6 45. h4 Bd5 46. Rg3
Kb7 47. Re7+ Rd7 48. Re1 Qc5 49. h5 Qxa3 50. Rg8 Qd6 51. Qxd4 Qh6 52. Qe5 Qd6
53. Qxd6 Rdxd6 54. g4 a5 55. Ra1 Re6 56. Rxa5 Bc6 57. Kh2 Re1 58. Rf8 Rb4 59.
Rxf7+ Kb6 60. Rg5 Rbb1 61. Kg3 Rg1+ 62. Kf4 Rb4+ 63. Ke3 Re1+ 64. Kd2 Rbb1 65.
Rf8 Red1+ 66. Kc3 Ra1 67. Rb8+ Kc7 68. Rb4 Rh1 69. Rg7+ Kd6 70. Rg6+ Kd7 71.
Bf5+ Kc7 72. Rc4 Ra6 73. Rgxc6+ 1-0

[Event "Lindores Abbey Tal Blitz 2021"]
[Site "Riga"]
[Date "2021.11.08"]
[Round "11.26"]
[White "Gelfand, Boris"]
[Black "Ganguly, Surya Shekhar"]
[Result "1/2-1/2"]
[WhiteElo "2674"]
[BlackElo "2633"]
[Annotator "ChessBase"]
[PlyCount "62"]
[EventDate "2021.11.02"]
[EventType "swiss"]
[EventCountry "LAT"]
[SourceTitle "playchess.com"]
[Source "ChessBase"]
[SourceQuality "1"]

1. d4 Nf6 2. c4 e6 3. Nf3 d5 4. g3 Be7 5. Bg2 O-O 6. Qd3 c5 7. O-O cxd4 8. Nxd4
e5 9. Nf5 dxc4 10. Qxd8 Bxd8 11. Nd6 Nc6 12. Nc3 Be7 13. Nxc4 Be6 14. Bxc6 Bxc4
15. Bxb7 Rab8 16. Bf3 Bb4 17. Bd2 e4 18. Bg2 Bxe2 19. Rfe1 Bd3 20. Rad1 Bc5 21.
Na4 Bd4 22. Bc3 Bxc3 23. Nxc3 Rxb2 24. Nxe4 Bxe4 25. Bxe4 Nxe4 26. Rxe4 Rxa2
27. Re7 g6 28. Rdd7 a5 29. Ra7 Kg7 30. Re5 Rd8 31. Rexa5 Rxa5 1/2-1/2

[Event "Lindores Abbey Tal Blitz 2021"]
[Site "Riga"]
[Date "2021.11.08"]
[Round "11.27"]
[White "Stefanova, Antoaneta"]
[Black "Movsesian, Sergei"]
[Result "0-1"]
[WhiteElo "2475"]
[BlackElo "2618"]
[Annotator "ChessBase"]
[PlyCount "112"]
[EventDate "2021.11.02"]
[EventType "swiss"]
[EventCountry "LAT"]
[SourceTitle "playchess.com"]
[Source "ChessBase"]
[SourceQuality "1"]

1. d4 Nf6 2. Nf3 e6 3. e3 c5 4. Bd3 d5 5. b3 Nc6 6. Bb2 Be7 7. O-O Qc7 8. c4
O-O 9. dxc5 dxc4 10. Bxc4 Bxc5 11. Nc3 a6 12. Rc1 Qe7 13. Bd3 Rd8 14. Qe2 Nb4
15. Bb1 Bd7 16. Ne5 Be8 17. a3 Nc6 18. Nxc6 Bxc6 19. b4 Bd6 20. e4 Bf4 21. Rcd1
Qc7 22. g3 Be5 23. Qe3 Ng4 24. Qf3 h5 25. h3 Nf6 26. Qe3 h4 27. f4 Bxc3 28.
Bxc3 Nh5 29. gxh4 Rxd1 30. Rxd1 Nxf4 31. Kh1 e5 32. Rg1 f6 33. Qf3 Rd8 34. Be1
Bb5 35. h5 Be2 36. Qe3 Bxh5 37. Bh4 Qc6 38. Ba2+ Kf8 39. Bf2 Rd3 40. Qc5+ Qxc5
41. Bxc5+ Ke8 42. Rxg7 Rxa3 43. Bc4 b5 44. Bg8 Rxh3+ 45. Kg1 Rd3 46. Ra7 Rg3+
47. Kf2 Rxg8 48. Rxa6 Kf7 49. Rb6 Nd3+ 50. Ke3 Rg3+ 51. Kd2 Nxc5 52. bxc5 Rb3
53. c6 Bg4 54. Rb7+ Ke8 55. c7 Bc8 56. Rb6 Kd7 0-1

[Event "Lindores Abbey Tal Blitz 2021"]
[Site "Riga"]
[Date "2021.11.08"]
[Round "11.28"]
[White "Fedoseev, Vladimir"]
[Black "Muzychuk, Mariya"]
[Result "1-0"]
[WhiteElo "2704"]
[BlackElo "2536"]
[Annotator "TA"]
[PlyCount "90"]
[EventDate "2021.11.02"]
[EventType "swiss"]
[EventCountry "LAT"]
[SourceTitle "playchess.com"]
[Source "ChessBase"]
[SourceQuality "1"]

1. e4 c5 2. h3 Nc6 3. Bb5 Nd4 4. Bc4 e6 5. c3 Nc6 6. Nf3 d5 7. exd5 exd5 8.
Qe2+ Be7 9. Bb5 Nf6 10. Ne5 Bd7 11. Bxc6 Bxc6 12. Nxc6 bxc6 13. O-O O-O 14. d3
Re8 15. Qc2 h6 16. Be3 Bd6 17. Nd2 Nd7 18. d4 Qf6 19. Rfe1 Re6 20. Nf3 Rae8 21.
Bd2 cxd4 22. Rxe6 Rxe6 23. cxd4 c5 24. Qa4 Nf8 25. Qxa7 c4 26. Qb7 Qf5 27. Bb4
Bxb4 28. Qxb4 Ng6 29. Re1 Nf4 30. Rxe6 fxe6 31. Qd2 g5 32. Ne1 Qb1 33. Kh2 Qxa2
34. g3 Ng6 35. Ng2 Qb3 36. Ne3 Kg7 37. Kg2 Qb7 38. Ng4 Qb6 39. Nh2 Qb3 40. h4
Qd3 41. Qxd3 cxd3 42. Kf3 gxh4 43. Ke3 hxg3 44. fxg3 Kf6 45. Ng4+ Kg5 1-0

[Event "Lindores Abbey Tal Blitz 2021"]
[Site "Riga"]
[Date "2021.11.08"]
[Round "11.29"]
[White "Saric, Ivan"]
[Black "Swiercz, Dariusz"]
[Result "1-0"]
[WhiteElo "2665"]
[BlackElo "2647"]
[Annotator "ChessBase"]
[PlyCount "93"]
[EventDate "2021.11.02"]
[EventType "swiss"]
[EventCountry "LAT"]
[SourceTitle "playchess.com"]
[Source "ChessBase"]
[SourceQuality "1"]

1. e4 e5 2. Nf3 Nc6 3. Bb5 Nf6 4. O-O Nxe4 5. d4 Nd6 6. Bxc6 dxc6 7. dxe5 Nf5
8. Qxd8+ Kxd8 9. h3 Bd7 10. Rd1 Be7 11. Nc3 Nh4 12. Nxh4 Bxh4 13. Ne4 Ke8 14.
Bg5 Bxg5 15. Nxg5 Rd8 16. g4 Ke7 17. Kg2 h6 18. Ne4 Be6 19. Ng3 g6 20. b3 h5
21. f3 a5 22. c4 Rxd1 23. Rxd1 hxg4 24. hxg4 a4 25. Ne4 b6 26. Kg3 Ra8 27. Rd3
axb3 28. axb3 Ra3 29. Rc3 c5 30. f4 Bd7 31. Re3 Bc6 32. Nf6 Ra1 33. f5 Rg1+ 34.
Kf4 Rf1+ 35. Kg5 gxf5 36. gxf5 Rg1+ 37. Ng4 Bd7 38. Rf3 Bc6 39. Rf4 Rg3 40. e6
f6+ 41. Kh4 Rxb3 42. Nh6 Rb1 43. Ng8+ Kd6 44. Nxf6 Ke5 45. Kg5 Rg1+ 46. Ng4+
Kd6 47. f6 1-0

[Event "Lindores Abbey Tal Blitz 2021"]
[Site "Riga"]
[Date "2021.11.08"]
[Round "11.30"]
[White "Hovhannisyan, Robert"]
[Black "Neiksans, Arturs"]
[Result "1-0"]
[WhiteElo "2622"]
[BlackElo "2575"]
[Annotator "ChessBase"]
[PlyCount "67"]
[EventDate "2021.11.02"]
[EventType "swiss"]
[EventCountry "LAT"]
[SourceTitle "playchess.com"]
[Source "ChessBase"]
[SourceQuality "1"]

1. e4 e5 2. Nf3 Nc6 3. Nc3 Nf6 4. d4 exd4 5. Nxd4 Bb4 6. Nxc6 bxc6 7. Bd3 O-O
8. O-O d5 9. exd5 Bg4 10. f3 Bh5 11. Bg5 cxd5 12. Bxf6 Qxf6 13. Nxd5 Qxb2 14.
Rb1 Bc5+ 15. Kh1 Qe5 16. f4 Bxd1 17. fxe5 Bg4 18. Nxc7 Rac8 19. Rb7 Bd7 20. Na6
Be6 21. Nxc5 Rxc5 22. Rxa7 Rb8 23. a4 g6 24. h3 Rb2 25. Re1 Ra2 26. Kh2 h5 27.
h4 Kg7 28. Re3 Rc3 29. Rg3 Kh6 30. Rf3 Rca3 31. Rf4 Bd5 32. Rd4 Be6 33. Ra8 Kg7
34. Rdd8 1-0

[Event "Lindores Abbey Tal Blitz 2021"]
[Site "Riga"]
[Date "2021.11.08"]
[Round "11.31"]
[White "Tabatabaei, M. Amin"]
[Black "Sjugirov, Sanan"]
[Result "1-0"]
[WhiteElo "2639"]
[BlackElo "2663"]
[Annotator "ChessBase"]
[PlyCount "129"]
[EventDate "2021.11.02"]
[EventType "swiss"]
[EventCountry "LAT"]
[SourceTitle "playchess.com"]
[Source "ChessBase"]
[SourceQuality "1"]

1. e4 c5 2. Nf3 Nc6 3. Bb5 e6 4. Bxc6 bxc6 5. b3 d6 6. e5 Ne7 7. O-O dxe5 8.
Nxe5 f6 9. Nc4 e5 10. Nc3 Ng6 11. Ba3 Be7 12. Qf3 Qd7 13. Ne4 Qd4 14. Nxf6+
gxf6 15. Qxc6+ Kf7 16. Qxa8 Nf4 17. Qf3 Qd7 18. Qe3 Bb7 19. f3 Rg8 20. Rf2 Nh3+
21. Kf1 Nxf2 22. Qxf2 Ba6 23. d3 Qd5 24. Re1 Bc8 25. Qh4 Rg7 26. Bc1 Be6 27.
Bh6 Rg8 28. Qe4 Rg6 29. Qxd5 Bxd5 30. Be3 Rg8 31. a4 h5 32. Bf2 Rc8 33. Bh4 Be6
34. Nd2 Bd5 35. Ne4 Rd8 36. Ng3 Kg6 37. Ne4 Kf7 38. Bf2 Rc8 39. h3 Kg6 40. g4
hxg4 41. hxg4 Rh8 42. Kg2 f5 43. gxf5+ Kxf5 44. Bxc5 Bxc5 45. Nxc5 Rc8 46. b4
a5 47. c3 Kf4 48. Kf2 Rb8 49. b5 Rh8 50. Rg1 Bxf3 51. Ne6+ Kf5 52. Ng7+ Kf4 53.
Ne6+ Kf5 54. Kxf3 Kxe6 55. c4 Kd6 56. Rb1 Kc5 57. b6 Kd4 58. b7 Rb8 59. Ke2 e4
60. dxe4 Kxe4 61. Rb5 Kd4 62. c5 Kd5 63. Kd3 Kc6 64. Kc4 Rg8 65. b8=Q 1-0